Statistics for Countries by Currency

Click here to take the quiz!

General Stats

  • This quiz has been taken 212 times
  • The average score is 10 of 20

Answer Stats

CurrencyCountry% Correct
AfghaniAfghanistan
86%
BolivianoBolivia
79%
ZłotyPoland
75%
RealBrazil
63%
KroneDenmark
62%
SolPeru
60%
ForintHungary
57%
ColónCosta Rica
54%
HryvniaUkraine
54%
RialYemen
52%
VatuVanuatu
51%
QuetzalGuatemala
47%
TögrögMongolia
46%
LekAlbania
41%
PaʻangaTonga
38%
KipLaos
36%
KinaPapua New Guinea
36%
GourdeHaiti
29%
TālāSamoa
29%
SomUzbekistan
24%

Score Distribution

Percentile by Number Answered

Percent of People with Each Score

Your Score History

You have not taken this quiz